[Event "Ruhrgebiet Verbandsliga Gruppe 1 1516"]
[Site "Germany"]
[Date "2016.04.24"]
[Round "9.8"]
[White "Zhang, Jingfu"]
[Black "Sporkert, Corina"]
[Result "0-1"]
[WhiteElo "1609"]
[BlackElo "1813"]
[PlyCount "118"]
[EventDate "2015.09.06"]
[EventType "team-tourn"]
[EventRounds "9"]
[EventCountry "GER"]
[SourceTitle "EXT 2022"]
[Source "ChessBase"]
[SourceDate "2021.10.06"]
[SourceVersion "1"]
[SourceVersionDate "2021.10.06"]
[SourceQuality "1"]
[WhiteTeam "Dortmund Hansa III"]
[BlackTeam "Hamm Koenigsspringer"]
[WhiteTeamCountry "GER"]
[BlackTeamCountry "GER"]

1. e4 e5 2. Nf3 Nc6 3. Bb5 Bc5 4. 0-0 d6 5. c3 Bd7 6. d4 exd4 7. cxd4 Bb6 8. Nc3 Nge7 9. Na4 Ng6 10. Nxb6 axb6 11. a3 h6 12. Re1 0-0 13. h3 Qf6 14. e5 dxe5 15. dxe5 Qe7 16. Bxc6 bxc6 17. Bd2 Rad8 18. Qc2 c5 19. b4 cxb4 20. Qxc7 bxa3 21. Qxb6 Rb8 22. Qd6 Qxd6 23. exd6 Ra8 24. h4 Rfd8 25. h5 Nf8 26. Bb4 a2 27. Nd4 Ra4 28. Bc5 Ne6 29. Nxe6 Bxe6 30. Red1 Rh4 31. d7 Rxh5 32. Be7 Rxd7 33. Rxd7 Bxd7 34. Rxa2 Re5 35. Bd6 Re1+ 36. Kh2 Be6 37. Rd2 g5 38. Bb4 Kh7 39. Bc3 Kg6 40. f3 Rf1 41. Bd4 h5 42. Rf2 Rd1 43. Be5 f5 44. f4 g4 45. Kg3 Rh1 46. Rd2 h4+ 47. Kf2 g3+ 48. Kf3 Rb1 49. Ke3 Rb3+ 50. Kd4 Rb5 51. Rc2 Bd5 52. Re2 Be4 53. Kc3 h3 54. gxh3 g2 55. Bd4 Rb1 56. Ra2 g1Q 57. Bxg1 Rxg1 58. Ra6+ Kh5 59. Ra7 Rg3+ 0-1

[Event "Ruhrgebiet Verbandsliga Gruppe 1 1516"]
[Site "Germany"]
[Date "2016.01.24"]
[Round "6.7"]
[White "Zhang, Jingfu"]
[Black "Baar, Michael"]
[Result "1/2-1/2"]
[WhiteElo "1609"]
[BlackElo "1882"]
[PlyCount "33"]
[EventDate "2015.09.06"]
[EventType "team-tourn"]
[EventRounds "9"]
[EventCountry "GER"]
[SourceTitle "EXT 2022"]
[Source "ChessBase"]
[SourceDate "2021.10.06"]
[SourceVersion "1"]
[SourceVersionDate "2021.10.06"]
[SourceQuality "1"]
[WhiteTeam "Dortmund Hansa III"]
[BlackTeam "Buer SF"]
[WhiteTeamCountry "GER"]
[BlackTeamCountry "GER"]

1. e4 g6 2. d4 Bg7 3. Nf3 d6 4. Nc3 c6 5. Be3 Nf6 6. h3 0-0 7. Be2 Nbd7 8. 0-0 e5 9. d5 c5 10. Qd2 a6 11. a4 Rb8 12. Rab1 Qa5 13. Nh2 Qb4 14. f3 Nh5 15. g4 Nf4 16. Bxf4 exf4 17. Qxf4 1/2-1/2

[Event "Ruhrgebiet Verbandsklasse Gruppe 1 1415"]
[Site "Germany"]
[Date "2014.10.19"]
[Round "2"]
[White "Heiming, Thomas"]
[Black "Zhang, Jingfu"]
[Result "0-1"]
[WhiteElo "1856"]
[BlackElo "1588"]
[PlyCount "56"]
[EventDate "2014.09.21"]
[EventType "team-tourn"]
[EventRounds "9"]
[EventCountry "GER"]
[SourceTitle "EXT 2022"]
[Source "ChessBase"]
[SourceDate "2021.10.06"]
[SourceVersion "1"]
[SourceVersionDate "2021.10.06"]
[SourceQuality "1"]
[WhiteTeam "Hervest Dorsten"]
[BlackTeam "Dortmund Hansa III"]
[WhiteTeamCountry "GER"]
[BlackTeamCountry "GER"]

1. e4 e5 2. Nf3 Nc6 3. Bc4 Bc5 4. 0-0 Nf6 5. Qe1 d6 6. h3 0-0 7. c3 a6 8. b4 Ba7 9. d3 h6 10. Na3 b5 11. Bb3 Bb7 12. Nc2 Ne7 13. Bd2 Ng6 14. Kh2 Qd7 15. Ng1 d5 16. Rd1 Qc6 17. f3 Rae8 18. g4 Nf4 19. Bxf4 exf4 20. Qd2 Qd6 21. Ne2 c6 22. Qxf4 Qxf4+ 23. Nxf4 Bb8 24. Kg3 g5 25. Nd4 gxf4+ 26. Kg2 h5 27. c4 bxc4 28. dxc4 dxe4 0-1